Statystyki dla Największe miasta nordyckie

Kliknij tutaj aby rozwiązać quiz!

Ogólne statystyki

  • Ten quiz został rozwiązany 8 902 razy
  • Średni wynik to 8 z 17

Statystyki odpowiedzi

LudnośćMiasto% Poprawnych
1,00 mlnOslo
99%
1,51 mlnSztokholm
96%
1,27 mlnHelsinki
94%
1,31 mlnKopenhaga
90%
302 tys.Malmö
67%
212 tys.Reykjavik
64%
581 tys.Göteborg
50%
255 tys.Bergen
42%
184 tys.Trondheim
37%
272 tys.Turku
29%
135 tys.Aalborg
22%
273 tys.Aarhus
22%
178 tys.Odense
21%
200 tys.Oulu
20%
334 tys.Tampere
18%
140 tys.Uppsala
18%
223 tys.Stavanger
16%

Rozkład punktacji

Percentyl według liczby udzielonych odpowiedzi

Procent ludzi z każdym wynikiem

Twoja historia wyników

Nie rozwiązałeś tego quizu